[Event "3. Bavarian Masters Open"]
[Site "Bad Wiessee GER"]
[Date "1999.10.23"]
[Round "?"]
[White "Gelashvili, Tamaz"]
[Black "Bromberger, Stefan"]
[Result "1/2-1/2"]
[WhiteElo "2531"]
[BlackElo "2279"]
[EventDate "1999.10.23"]

1.e4 c5 2.b3 b6 3.Bb2 Bb7 4.Nc3 Nc6 5.f4 e6 6.Nf3 Nge7 7.d3 d5 8.g3 d4 9.Ne2 Qd7 10.Bg2 Nc8 11.O-O f6 12.Qd2 Nd6 13.c3 dxc3 14.Nxc3 Be7 15.Rad1 Rd8 16.Bh3 f5 17.Bg2 O-O 18.Rfe1 Nf7 19.e5 Ba6 20.Bf1 h6 21.d4 Bxf1 22.Rxf1 cxd4 23.Ne2 d3 24.Nc1 Qb7 25.a3 g5 26.b4 a5 27.Bc3 axb4 28.axb4 Rd7 29.Qb2 Rfd8 30.Rd2 Kh7 31.Ne1 gxf4 32.gxf4 Rg8+ 33.Ng2 h5 34.Rxd3 Rxd3 35.Nxd3 h4 36.Qe2 Na7 37.Qf3 Qe4 38.Kh1 Nh6 39.Qxe4 fxe4 40.Nf2 Nb5 41.Bd2 Rd8 42.Be3 Nf5 43.Bxb6 Rb8 44.Be3 Kg6 45.Bc1 Nc3 46.Bd2 Bxb4 47.Bxc3 Bxc3 48.Nxe4 Bd4 49.Ng5 1/2-1/2

[Event "UT Dallas IM Inv 2013"]
[Site "Dallas, TX USA"]
[Date "2013.11.23"]
[Round "4.3"]
[White "Gelashvili, Tamaz"]
[Black "Danelia, Mariam"]
[Result "1-0"]
[WhiteElo "2590"]
[BlackElo "2219"]
[EventDate "2013.11.21"]

1.e4 c5 2.b3 a6 3.Bb2 Nc6 4.Nf3 e6 5.d4 cxd4 6.Nxd4 d6 7.Bd3 Nf6 8.O-O Be7 9.c4 Bd7 10.Nxc6 Bxc6 11.Nc3 O-O 12.Qe2 Qa5 13.Rfe1 Rab8 14.a3 Qh5 15.Nd5 exd5 16.exd5 Bxd5 17.cxd5 Qxe2 18.Rxe2 Bd8 19.Rd1 Re8 20.Rxe8+ Nxe8 21.Bf5 Bf6 22.Bc1 g6 23.Bh3 Nc7 24.Kf1 Nb5 25.Rd3 Re8 26.f3 Bc3 27.Be3 Bb2 28.a4 Na3 29.Bf2 Be5 30.Re3 Kf8 31.Re2 Nb1 32.Be1 Re7 33.Rc2 Na3 34.Rc8+ Kg7 35.Bb4 Bb2 36.Bxd6 Re3 37.Bf8+ Kf6 38.d6 Bc3 39.d7 1-0

[Event "3. Bavarian Masters Open"]
[Site "Bad Wiessee GER"]
[Date "1999.10.23"]
[Round "?"]
[White "Gelashvili, Tamaz"]
[Black "Gasparian, Tigran"]
[Result "1-0"]
[WhiteElo "2531"]
[BlackElo "2263"]
[EventDate "1999.10.23"]

1.e4 c5 2.b3 Nc6 3.Bb2 d6 4.Bb5 e5 5.Bxc6+ bxc6 6.Ne2 Be7 7.O-O Nf6 8.d3 O-O 9.Nd2 Ng4 10.h3 Nh6 11.f4 exf4 12.Nxf4 d5 13.Nh5 d4 14.Nc4 f6 15.Qe1 Qe8 16.Nf4 g5 17.Ne2 f5 18.exf5 Rxf5 19.Ng3 Rxf1+ 20.Qxf1 Be6 21.Re1 Bxc4 22.dxc4 Qf7 23.Qe2 Bd6 24.Ne4 Bf4 25.Bc1 Bxc1 26.Rxc1 Qe7 27.Rf1 Kg7 28.Qf3 Re8 29.Nf6 Qe3+ 30.Kh1 Qxf3 31.Nxe8+ 1-0

[Event "Open"]
[Site "Kavala GRE"]
[Date "2006.07.04"]
[Round "1"]
[White "Gelashvili, Tamaz"]
[Black "Grigoriadis, Alexandros"]
[Result "0-1"]
[WhiteElo "2575"]
[BlackElo "2214"]
[EventDate "2006.07.04"]

1.e4 c5 2.b3 e6 3.Bb2 Nc6 4.Bb5 Nge7 5.Nf3 a6 6.Bxc6 Nxc6 7.O-O b5 8.a4 Bb7 9.Qe2 b4 10.d3 d6 11.Nbd2 e5 12.Nc4 Be7 13.Nfd2 Bg5 14.g3 Bxd2 15.Qxd2 O-O 16.f4 f6 17.fxe5 dxe5 18.Qf2 Nd4 19.Bxd4 cxd4 20.a5 Bc6 21.g4 Qe7 22.Qg3 Rae8 23.Rf2 Bd7 24.Raf1 Be6 25.g5 Kh8 26.Nd2 Bg8 27.gxf6 Rxf6 28.Rxf6 gxf6 29.Qh4 Rf8 30.Rf2 Be6 31.Nf1 Rg8+ 32.Ng3 Rg6 33.Kf1 Qd8 34.Ke1 Bg4 35.h3 Be6 36.Nf5 Bxf5 37.exf5 Rg5 38.Qh6 Qe7 39.h4 Rg1+ 40.Kd2 Qg7 41.Qh5 Qc7 42.Qh6 Qc3+ 43.Ke2 Qxc2+ 44.Qd2 Qxb3 45.Rf1 Rxf1 46.Kxf1 Qc3 47.Qd1 b3 48.Qh5 Qxd3+ 49.Kg1 Qe3+ 50.Kh2 Qf4+ 51.Kg2 Kg7 52.Qe8 Qg4+ 53.Kh2 Qxh4+ 54.Kg2 Qg4+ 55.Kh2 Qf4+ 56.Kg2 Qxf5 57.Qa8 Qc2+ 58.Kg3 b2 59.Qb7+ Kh6 60.Qh1+ Kg6 0-1

[Event "National Open 2013"]
[Site "Las Vegas, NV USA"]
[Date "2013.06.07"]
[Round "2"]
[White "Gelashvili, Tamaz"]
[Black "Griffith, Kyron W"]
[Result "1-0"]
[WhiteElo "2560"]
[BlackElo "2220"]
[EventDate "2013.06.07"]

1.e4 c5 2.b3 d6 3.Bb2 Nc6 4.Bb5 Bd7 5.f4 a6 6.Bxc6 Bxc6 7.d3 e6 8.Nf3 Nf6 9.Nbd2 Be7 10.O-O O-O 11.Qe1 b5 12.e5 dxe5 13.Nxe5 Bb7 14.Qg3 Rc8 15.f5 exf5 16.Rxf5 Ne8 17.Ng4 Qd6 18.Qh3 c4 19.Rh5 c3 20.Rxh7 Qc5+ 21.Nf2 g6 22.Rh8+ Kg7 23.Bxc3+ 1-0

[Event "4. Open"]
[Site "Halkida GRE"]
[Date "2000.08.12"]
[Round "2"]
[White "Gelashvili, Tamaz"]
[Black "Ilandzis, Spyridon"]
[Result "1-0"]
[WhiteElo "2519"]
[BlackElo "2249"]
[EventDate "2000.08.11"]

1.e4 c5 2.b3 Nc6 3.Bb2 e5 4.Bb5 Nd4 5.Bc4 Nf6 6.Nc3 d6 7.Nge2 Bd7 8.O-O b5 9.Nxd4 bxc4 10.Nde2 Bc6 11.bxc4 Rb8 12.Rb1 Nxe4 13.Nxe4 Bxe4 14.f4 f6 15.Ng3 Bc6 16.Qh5+ g6 17.Qg4 Qd7 18.Qe2 Be7 19.fxe5 dxe5 20.Bc3 O-O 21.Rbe1 Rbe8 22.d3 Rf7 23.Qf2 Bf8 24.Ne4 Bxe4 25.Rxe4 Rb8 26.h4 Rb6 27.h5 g5 28.a4 Qb7 29.Ree1 Qd7 30.a5 Rb7 31.Qf5 Qxf5 32.Rxf5 Be7 33.Kf2 Bd8 34.Kf3 Rfd7 35.Ke4 Rd6 36.Rff1 Kf7 37.Kf5 Be7 38.Rb1 Rdd7 39.Bd2 Rbc7 40.Rb8 Rc6 41.Rfb1 Rd4 42.Be3 Rh4 43.R1b7 Rh1 44.Ke4 g4 45.Bd2 Ra6 46.Rd8 Rxh5 47.Rdd7 Re6 48.Rxa7 f5+ 49.Ke3 f4+ 50.Kf2 Rhh6 51.Rdc7 Ke8 52.Rc8+ Kf7 53.Rxc5 Kg6 54.Rcc7 Bh4+ 55.Kg1 Bf6 56.Ra8 Kf5 57.Rc5 Be7 58.Rd5 g3 59.Bc3 Rh2 60.Rg8 Bd6 61.Be1 Reh6 62.Kf1 Rh1+ 63.Ke2 Rg1 64.a6 Rxg2+ 65.Kd1 Rh1 66.Rxd6 Rgg1 67.Rd7 Rxe1+ 68.Kd2 f3 69.Rf7+ Ke6 70.Rxf3 Ra1 71.Rfxg3 Rxa6 72.R3g6+ hxg6 73.Rxg6+ Kd7 74.Rxa6 1-0

[Event "GP"]
[Site "Izmir TUR"]
[Date "2002.08.29"]
[Round "2"]
[White "Gelashvili, Tamaz"]
[Black "Husnullin, Ramil"]
[Result "1-0"]
[WhiteElo "2551"]
[BlackElo "2202"]
[EventDate "2002.08.28"]

1.e4 c5 2.b3 d6 3.Bb2 Nf6 4.Bb5+ Nbd7 5.d3 e6 6.Nd2 Be7 7.f4 a6 8.Bxd7+ Bxd7 9.Ngf3 O-O 10.O-O b5 11.Qe1 Bc6 12.Qg3 d5 13.Rae1 a5 14.Ne5 Bb7 15.a4 bxa4 16.bxa4 dxe4 17.Nxe4 Nxe4 18.dxe4 Bf6 19.f5 Qd2 20.Nf3 Qh6 21.e5 Bd8 22.Bc1 Qh5 23.f6 Qg6 24.fxg7 Kxg7 25.Ng5 Bd5 26.c4 Bxc4 27.Rf4 Bd5 28.Rg4 Kh8 29.Ne4 Qh5 30.Nf6 Bxf6 31.exf6 Rg8 32.Rg7 c4 33.h3 Rad8 34.Kh2 Qg6 35.Rxg6 Rxg6 36.Bg5 Rdg8 37.h4 h6 38.Qg4 Kh7 1-0

[Event "8. Dubai Open"]
[Site "Dubai UAE"]
[Date "2006.04.23"]
[Round "1"]
[White "Gelashvili, Tamaz"]
[Black "Ihsan, Jawad"]
[Result "1-0"]
[WhiteElo "2576"]
[BlackElo "2172"]
[EventDate "2006.04.23"]

1.e4 c5 2.b3 Nc6 3.Bb2 e5 4.Bc4 Nf6 5.d3 Be7 6.Nc3 O-O 7.Nge2 d6 8.O-O a6 9.a4 Rb8 10.Qd2 Nd4 11.a5 Nh5 12.f4 Nxe2+ 13.Nxe2 Bf6 14.fxe5 Bxe5 15.Bxe5 dxe5 16.Rf2 Qe7 17.Raf1 Be6 18.h3 Bxc4 19.bxc4 b5 20.cxb5 Rxb5 21.Rf5 g6 22.Rxh5 gxh5 23.Nc3 f6 24.Nxb5 axb5 25.Qh6 Qf7 26.a6 c4 27.dxc4 bxc4 28.Kh2 Qg6 29.Qxg6+ hxg6 30.a7 Ra8 31.Ra1 Kf7 32.Kg3 f5 33.Ra6 f4+ 34.Kh4 1-0

[Event "4. Open"]
[Site "Halkida GRE"]
[Date "2000.08.13"]
[Round "4"]
[White "Gelashvili, Tamaz"]
[Black "Kordis, Konstantinos"]
[Result "1-0"]
[WhiteElo "2519"]
[BlackElo "2219"]
[EventDate "2000.08.11"]

1.e4 c5 2.b3 Nc6 3.Bb2 e5 4.Bb5 Nge7 5.Ne2 a6 6.Bxc6 Nxc6 7.O-O Be7 8.Nbc3 d6 9.f4 O-O 10.Nd5 Be6 11.Nxe7+ Nxe7 12.fxe5 dxe5 13.Bxe5 Ng6 14.Bg3 h5 15.Bf2 Rc8 16.Be3 Re8 17.d3 b5 18.h3 Qh4 19.Qd2 Qd8 20.Ng3 1-0

[Event "Open"]
[Site "Dieren NED"]
[Date "2000.07.18"]
[Round "1"]
[White "Gelashvili, Tamaz"]
[Black "Vedder, Richard"]
[Result "1-0"]
[WhiteElo "2519"]
[BlackElo "2218"]
[EventDate "2000.07.18"]

1.e4 c5 2.b3 Nc6 3.Bb2 d6 4.Bb5 Bd7 5.f4 Nd4 6.Bxd7+ Qxd7 7.Nf3 Nxf3+ 8.Qxf3 e6 9.O-O Ne7 10.f5 Nc6 11.f6 g6 12.c4 h5 13.Nc3 Bh6 14.d3 Nd4 15.Qf2 O-O-O 16.b4 cxb4 17.Qxd4 bxc3 18.Bxc3 Kb8 19.Qf2 Qc6 20.Bd4 Qa6 21.Rab1 e5 22.Bc3 Rhe8 23.Rb5 Qc6 24.Rfb1 Rd7 25.Ra5 b6 26.Rab5 Ka8 27.a4 Rb7 28.h4 Reb8 29.Kh2 Qc7 30.Be1 Qd7 31.a5 Qc6 32.Ra1 bxa5 33.Rbxa5 Qd7 34.Bb4 Bf8 35.Bd2 Rc8 36.Be3 Rcc7 37.Bb6 1-0

[Event "National Open 2012"]
[Site "Las Vegas, NV USA"]
[Date "2012.06.15"]
[Round "1"]
[White "Gelashvili, Tamaz"]
[Black "Krishnan, Varun"]
[Result "1-0"]
[WhiteElo "2600"]
[BlackElo "2130"]
[EventDate "2012.06.15"]

1.e4 c5 2.b3 Nc6 3.Bb2 e5 4.Bc4 d6 5.f4 Nf6 6.Nf3 Bg4 7.fxe5 dxe5 8.h3 Bh5 9.g4 Bg6 10.d3 Bd6 11.Nc3 a6 12.a4 Rb8 13.O-O O-O 14.Qd2 Ne8 15.h4 h5 16.gxh5 Bxh5 17.Ng5 Nf6 18.Qg2 Nd4 19.a5 Be7 20.Rf2 Qd7 21.Nd5 Ng4 22.Bxd4 cxd4 23.Rf5 Ne3 24.Nxe3 dxe3 25.Nf3 Bxf3 26.Qxf3 Bxh4 27.Kg2 Qd6 28.Rh1 Qg6+ 29.Kf1 Qg3 30.Qxg3 Bxg3 31.Rfh5 g6 32.Rg5 Kg7 33.Rxg3 f5 34.exf5 Rxf5+ 35.Ke2 Rf2+ 36.Kxe3 Rxc2 37.Rhg1 b5 38.Rxg6+ Kh7 39.Bg8+ 1-0

[Event "Ataturk Festival Open"]
[Site "Adana TUR"]
[Date "2006.11.07"]
[Round "2"]
[White "Gelashvili, Tamaz"]
[Black "Yalim, Suleyman"]
[Result "1-0"]
[WhiteElo "2605"]
[BlackElo "2125"]
[EventDate "2006.11.06"]

1.e4 c5 2.b3 e6 3.Bb2 Nc6 4.Nf3 Nf6 5.e5 Nd5 6.g3 Nde7 7.Bg2 Nf5 8.O-O d6 9.exd6 Bxd6 10.Na3 a6 11.Nc4 Be7 12.a4 O-O 13.a5 Bf6 14.Nfe5 Nxe5 15.Bxe5 Bxe5 16.Nxe5 Qc7 17.f4 Rd8 18.Re1 Bd7 19.d3 Bb5 20.Qd2 Nd4 21.Qf2 Rac8 22.g4 f6 23.Nc4 Bc6 24.Bxc6 Qxc6 25.Re3 Rc7 26.Rae1 Re7 27.Rh3 Rf8 28.b4 e5 29.bxc5 Ne6 30.f5 Nf4 31.Rf3 Rc7 32.d4 g5 33.fxg6 hxg6 34.Rxf4 exf4 35.Qxf4 Rh7 36.Nd6 Qd7 37.Qe4 f5 38.Qe6+ Kh8 39.Qxd7 Rxd7 40.Rb1 fxg4 41.Rxb7 Rxb7 42.Nxb7 Rf4 43.d5 1-0

[Event "Philadelphia Open"]
[Site "Philadelphia, PA USA"]
[Date "2011.04.21"]
[Round "3"]
[White "Gelashvili, Tamaz"]
[Black "Shen, Arthur"]
[Result "1-0"]
[WhiteElo "2596"]
[BlackElo "2132"]
[EventDate "2011.04.20"]

1.e4 c5 2.b3 Nc6 3.Bb2 d6 4.Bb5 Bd7 5.f4 e6 6.Nf3 Nf6 7.Qe2 Be7 8.O-O O-O 9.d3 a6 10.Bxc6 Bxc6 11.Nbd2 b5 12.c4 Rb8 13.Rae1 Nd7 14.Qf2 Bf6 15.e5 dxe5 16.fxe5 Be7 17.Ne4 Bxe4 18.Rxe4 Nb6 19.Qe2 Qd7 20.Bc1 Rbd8 21.Ne1 f5 22.exf6 Bxf6 23.Be3 Qd6 24.Bf4 Bd4+ 25.Kh1 e5 26.Bg3 Rxf1+ 27.Qxf1 Nd7 28.Nf3 Nf6 29.Re2 Bc3 30.Bxe5 Qxd3 31.Bxf6 Bxf6 32.Re8+ 1-0

[Event "Open"]
[Site "Dubai UAE"]
[Date "2002.04.15"]
[Round "1"]
[White "Gelashvili, Tamaz"]
[Black "Janahi, Zeyaad"]
[Result "1-0"]
[WhiteElo "2552"]
[BlackElo "2166"]
[EventDate "2002.04.15"]

1.e4 c5 2.b3 d6 3.Bb2 e5 4.Bb5+ Bd7 5.Bxd7+ Qxd7 6.Ne2 Qg4 7.O-O Qxe4 8.f4 Nd7 9.fxe5 dxe5 10.Na3 f6 11.Nc4 Nh6 12.Nf4 Qc6 13.Nd3 O-O-O 14.a3 Nb6 15.Qe2 Nxc4 16.bxc4 Qd7 17.Bc3 Qg4 18.Qxg4+ Nxg4 19.Rab1 Nh6 20.a4 Nf7 21.a5 Nd6 22.Nxc5 Nxc4 23.Ne6 Rd5 24.a6 bxa6 25.Ra1 Kb7 26.Ra4 Nb6 27.Rg4 Rd7 28.Bxe5 fxe5 29.Nxf8 Re7 30.Rh4 g5 31.Rh5 Rg7 32.Ne6 Rg6 33.Nxg5 h6 34.Nf7 Rh7 35.Nxe5 1-0

[Event "UT Dallas IM Inv 2013"]
[Site "Dallas, TX USA"]
[Date "2013.11.24"]
[Round "6.2"]
[White "Gelashvili, Tamaz"]
[Black "Gater, Daniel"]
[Result "1-0"]
[WhiteElo "2590"]
[BlackElo "2115"]
[EventDate "2013.11.21"]

1.e4 c5 2.b3 a6 3.Bb2 Nc6 4.Nf3 e6 5.c4 Qc7 6.Nc3 Nf6 7.Rc1 Be7 8.Be2 b6 9.d4 cxd4 10.Nxd4 Bb7 11.O-O O-O 12.Nd5 exd5 13.cxd5 Bd6 14.g3 Rfe8 15.Bd3 Rad8 16.Nf5 Be5 17.Bxe5 Qxe5 18.f4 Qb2 19.Rc2 Qa3 20.dxc6 dxc6 21.e5 Nd5 22.Nd6 Ne3 23.Bxh7+ Kf8 24.Qh5 Rxd6 25.exd6 Qxd6 26.Re1 Qd4 27.Rf2 Re6 28.Bb1 g6 29.Qf3 Re7 30.Qe2 c5 31.Qd2 Ng4 32.Rxe7 Nxf2 33.Qxd4 1-0

[Event "BCSA Open"]
[Site "Batumi GEO"]
[Date "2003.07.17"]
[Round "1"]
[White "Gelashvili, Tamaz"]
[Black "Sulashvili, Giorgi"]
[Result "1-0"]
[WhiteElo "2520"]
[BlackElo "2174"]
[EventDate "2003.07.16"]

1.e4 c5 2.b3 Nc6 3.Bb2 e6 4.Bb5 Nf6 5.Bxc6 dxc6 6.d3 Be7 7.f4 h5 8.Nd2 Qc7 9.Qf3 Bd7 10.Nc4 b5 11.Ne5 g6 12.Ne2 Rh7 13.a4 Ng4 14.Nxg4 hxg4 15.Qxg4 e5 16.Qf3 Bd6 17.O-O b4 18.fxe5 Bxe5 19.Bxe5 Qxe5 20.Ng3 O-O-O 21.Qf6 Qc7 22.Qf4 Be6 23.Qxc7+ Kxc7 24.h3 Kd6 25.Kf2 Ke5 26.Ke3 Rdh8 27.Ne2 a5 28.Ng1 Rh5 29.h4 Kd6 30.Nf3 Ke7 31.g3 Bg4 32.Kf4 Bxf3 33.Rxf3 g5+ 34.hxg5 Rg8 35.Rg1 Ke6 36.g4 Rhxg5 37.Rh3 R5g6 38.Rh5 Kd6 39.Rf5 f6 40.Rg3 Rh8 41.Rh5 Rhg8 42.Rh7 Rf8 43.Rgh3 Rfg8 44.R3h4 c4 45.bxc4 Kc5 46.Ke3 Rxg4 47.Rxg4 Rxg4 48.Rh5+ Kb6 49.c5+ Kc7 50.Rh7+ Kc8 51.Rh6 Rg3+ 52.Kf2 Rg5 53.d4 Rg4 54.Ke3 Rg3+ 55.Kf4 1-0

[Event "5. Open"]
[Site "Kalamaria GRE"]
[Date "2008.08.02"]
[Round "1"]
[White "Gelashvili, Tamaz"]
[Black "Kosmas-Lekkas, Dimitrios"]
[Result "1-0"]
[WhiteElo "2612"]
[BlackElo "2072"]
[EventDate "2008.08.27"]

1.e4 c5 2.b3 e6 3.Bb2 d6 4.f4 Nc6 5.Bb5 Bd7 6.Nf3 a6 7.Bxc6 Bxc6 8.d3 Nf6 9.Nbd2 Be7 10.O-O O-O 11.Qe1 b5 12.e5 dxe5 13.Nxe5 Bb7 14.Qg3 Ne8 15.Rae1 f6 16.Ng4 Qd7 17.h4 Nc7 18.h5 Rad8 19.Ne4 Bxe4 20.dxe4 c4 21.h6 g6 22.f5 exf5 23.exf5 Bc5+ 24.Kh1 Nd5 25.fxg6 1-0

[Event "European GP"]
[Site "Izmir TUR"]
[Date "2003.08.26"]
[Round "2"]
[White "Gelashvili, Tamaz"]
[Black "Valensi, B"]
[Result "1-0"]
[WhiteElo "2520"]
[BlackElo "2162"]
[EventDate "2003.08.25"]

1.e4 c5 2.b3 Nc6 3.Bb2 e5 4.Bc4 Nf6 5.Nc3 Be7 6.d3 O-O 7.Nge2 a6 8.a4 d6 9.O-O Bd7 10.Qd2 Nd4 11.a5 Bc6 12.f4 Nd7 13.Nd5 Bxd5 14.Bxd5 Nxe2+ 15.Qxe2 Ra7 16.fxe5 dxe5 17.Rf3 Bf6 18.Qf2 b5 19.axb6 Qxb6 20.Rf1 Qd6 21.Qg3 Kh8 22.Rf5 Qe7 23.Qh3 Re8 24.g4 Nb6 25.g5 Nxd5 26.gxf6 Nxf6 27.Rxe5 Qd8 28.Rxc5 Qb6 29.Bd4 Qd8 30.Rc4 Rd7 31.Bb2 Qb6+ 32.Kh1 Rde7 33.Bxf6 gxf6 34.Qh6 Re6 35.Rg1 Qxg1+ 36.Kxg1 Rg8+ 37.Kf2 f5 38.Qf4 fxe4 39.Rxe4 1-0

[Event "Open"]
[Site "Antalya TUR"]
[Date "2002.02.22"]
[Round "1"]
[White "Gelashvili, Tamaz"]
[Black "Romi, Izak"]
[Result "1-0"]
[WhiteElo "2552"]
[BlackElo "2125"]
[EventDate "2002.02.22"]

1.e4 c5 2.b3 Nc6 3.Bb2 d6 4.Bb5 Qb6 5.Nc3 e6 6.f4 a6 7.Bxc6+ Qxc6 8.Nf3 Nf6 9.d3 Be7 10.O-O O-O 11.Qe1 Nh5 12.Qe3 Re8 13.Rae1 d5 14.Ne5 Qd6 15.Qf3 Nf6 16.Nxf7 Kxf7 17.e5 Qd8 18.exf6 Bxf6 19.Na4 Bxb2 20.Nxb2 Kg8 21.d4 Qf6 22.Re5 cxd4 23.Qd3 Bd7 24.Qxd4 Rf8 25.Rf2 Rf7 26.Nd3 Raf8 27.g3 Bc8 28.Rfe2 Rc7 29.Ne1 h6 30.Nd3 Kh7 31.a4 Rc6 32.Rf2 Qd8 33.Ne1 Qb6 34.Qd3+ Kh8 35.Nf3 Qc5 36.Nd4 Rd6 37.g4 Qc7 38.g5 Qf7 39.Rf3 Rdd8 40.Ne2 Bd7 41.Rh3 Rg8 42.Kf2 Rc8 43.c3 b5 44.a5 b4 45.Qd4 Kh7 46.cxb4 Bb5 47.f5 exf5 48.Nf4 Rc2+ 49.Ke3 Qc7 1-0

[Event "3. IECC"]
[Site "Batumi GEO"]
[Date "2002.06.15"]
[Round "4"]
[White "Gelashvili, Tamaz"]
[Black "Arman, Deniz"]
[Result "1-0"]
[WhiteElo "2547"]
[BlackElo "2119"]
[EventDate "2002.06.12"]

1.e4 c5 2.b3 e6 3.Bb2 d5 4.Bb5+ Nc6 5.Bxc6+ bxc6 6.e5 Ne7 7.Nf3 Ng6 8.O-O Be7 9.d3 O-O 10.Nc3 c4 11.dxc4 dxc4 12.Qe2 Qa5 13.Rfd1 Ba6 14.Qe4 Bb4 15.Qe3 Bc5 16.Qe1 Rfd8 17.Ne4 Qxe1+ 18.Rxe1 Be7 19.g3 cxb3 20.axb3 Bb7 21.Nfd2 Bb4 22.Red1 Bxd2 23.Nxd2 c5 24.Nc4 Be4 25.Rdc1 Bd5 26.Nd6 f6 27.f4 fxe5 28.Bxe5 a5 29.Rd1 Ra6 30.Nb5 Nxe5 31.fxe5 Rc8 32.Nc3 Bf3 33.Rd7 Bh5 34.Ne4 Be8 35.Rd6 Raa8 36.Rxe6 Bg6 37.Nd6 Rc6 38.Re7 Bxc2 39.Rxa5 Rb8 40.Raa7 Bxb3 41.Rxg7+ Kf8 42.Rxh7 Bg8 43.Rh8 1-0

[Event "Municipality Cup"]
[Site "Tbilisi GEO"]
[Date "2010.05.17"]
[Round "3"]
[White "Gelashvili, Tamaz"]
[Black "Jalabadze, Natia"]
[Result "1-0"]
[WhiteElo "2614"]
[BlackElo "2019"]
[EventDate "2010.05.15"]

1.e4 c5 2.b3 g6 3.Bb2 Nf6 4.e5 Nd5 5.d4 cxd4 6.Qxd4 Nb6 7.c4 Nc6 8.Qd2 e6 9.Nf3 Bg7 10.Nc3 O-O 11.Nb5 a6 12.Nd6 f6 13.exf6 Bxf6 14.Rd1 Bxb2 15.Qxb2 Qf6 16.Qd2 Rb8 17.Be2 Na8 18.h4 Ne5 19.h5 Nxf3+ 20.Bxf3 Qe5+ 21.Kf1 g5 22.h6 Qf4 23.Rh5 Qxd2 24.Rxd2 Rf6 25.Rxg5+ Kf8 26.Nxc8 Rxc8 27.Rxd7 Rxh6 28.Rgg7 b5 29.Bb7 Rb8 30.Rdf7+ 1-0

[Event "3. Open"]
[Site "Kalamaria GRE"]
[Date "2006.08.31"]
[Round "2"]
[White "Gelashvili, Tamaz"]
[Black "Pambalos, Panayiotis"]
[Result "1-0"]
[WhiteElo "2575"]
[BlackElo "2035"]
[EventDate "2006.08.30"]

1.e4 c5 2.b3 d6 3.Bb2 Nf6 4.Bb5+ Bd7 5.Bxd7+ Qxd7 6.d3 g6 7.f4 Bg7 8.Nf3 O-O 9.O-O Nc6 10.c4 a6 11.Nc3 Rab8 12.Qd2 b5 13.Rae1 Ng4 14.h3 Nh6 15.Nd5 f6 16.g4 Nf7 17.f5 Nfe5 18.Bxe5 Nxe5 19.Nxe5 dxe5 20.Qa5 Qd6 21.Rf2 Rb7 22.Ref1 e6 23.fxe6 Qxe6 24.cxb5 Rxb5 25.Qc7 Rf7 26.Qd8+ Rf8 27.Nxf6+ Bxf6 28.Qxf8+ Kxf8 29.Rxf6+ Ke7 30.Rxe6+ Kxe6 31.Rf8 Rb6 32.Kf2 Rd6 33.Ke2 Rc6 34.Rh8 Rc7 35.Ra8 1-0

[Event "6. Prospero A Pichay Cup"]
[Site "Manila PHI"]
[Date "2010.08.21"]
[Round "1"]
[White "Gelashvili, Tamaz"]
[Black "Segarra, R"]
[Result "1-0"]
[WhiteElo "2605"]
[BlackElo "2308"]
[EventDate "2010.08.21"]

1.e4 c5 2.b3 e6 3.Nf3 b6 4.d4 cxd4 5.Nxd4 Bb7 6.Bd3 e5 7.Nf5 g6 8.Ne3 Nf6 9.Bb2 Bb4+ 10.Bc3 Bxc3+ 11.Nxc3 O-O 12.O-O a6 13.a4 d6 14.f3 Nbd7 15.Bc4 Qc7 16.Qd2 Kh8 17.Rad1 Ne8 18.Ned5 Qd8 19.Qh6 Ng7 20.Ne3 Nf6 21.Rd2 Ng8 22.Qh3 Qg5 23.Re1 Rad8 24.Qg3 Qh6 25.Qf2 f5 26.Ned5 Bxd5 27.Nxd5 b5 28.axb5 axb5 29.Bxb5 Ne6 30.Qe3 Qg7 31.c3 Nh6 32.Bd3 f4 33.Qf2 g5 34.h3 Nf7 35.Bc4 h5 36.Ra1 g4 37.hxg4 hxg4 38.Qh4+ Nh6 39.Ne7 Ng5 40.Nf5 Rxf5 41.exf5 gxf3 42.Kh1 Rf8 43.f6 Qxf6 44.gxf3 Nxf3 45.Qxf6+ Rxf6 46.Ra8+ Kh7 47.Bd3+ Nf5 48.Bxf5+ Rxf5 49.Rxd6 Rf7 50.Rad8 e4 51.R8d7 Rxd7 52.Rxd7+ Kg6 53.Kg2 Ne5 54.Rd8 e3 55.Rf8 Kg5 56.b4 Kg4 57.Rg8+ Kf5 58.Rd8 f3+ 59.Kg3 e2 60.Kf2 Ng4+ 61.Ke1 Ne3 62.Re8 Kf4 63.b5 Nc4 64.Re7 Kg3 65.Re6 Kg2 66.Rg6+ Kh3 67.Kf2 Ne5 68.Rg1 1-0

[Event "6. Philadelphia Open"]
[Site "Philadelphia, PA USA"]
[Date "2012.04.04"]
[Round "1.2"]
[White "Gelashvili, Tamaz"]
[Black "Ortiz, Na"]
[Result "1-0"]
[WhiteElo "2619"]
[BlackElo "2255"]
[EventDate "2012.04.04"]

1.e4 c5 2.b3 e6 3.Nf3 d6 4.Bb2 Nf6 5.e5 dxe5 6.Nxe5 Be7 7.Qf3 Qc7 8.Na3 a6 9.Nac4 O-O 10.a4 Nd5 11.a5 Bf6 12.Bd3 Nc6 13.Nxc6 Bxb2 14.Nxb2 Qxc6 15.O-O Qc7 16.Be4 Ne7 17.Qg3 e5 18.Nc4 f5 19.Nb6 Rb8 20.Nd5 Nxd5 21.Bxd5+ Kh8 22.Rfe1 f4 23.Qc3 Bf5 24.Rxe5 Bxc2 25.Rae1 1-0